Statistics for 「民主」国の国旗

Click here to take the quiz!

General Stats

  • This quiz has been taken 46 times
  • The average score is 12 of 24

Answer Stats

Answer% Correct
朝鮮民主主義人民共和国
100%
スリランカ民主社会主義共和国
94%
ネパール連邦民主共和国
86%
ラオス人民民主共和国
80%
コンゴ民主共和国
80%
アルジェリア民主人民共和国
77%
ソマリア民主共和国
74%
東ティモール民主共和国
71%
エチオピア連邦民主共和国
69%
ドイツ民主共和国
63%
マダガスカル民主共和国
60%
アゼルバイジャン民主共和国
51%
サントメ・プリンシペ民主共和国
49%
スーダン民主共和国
46%
サハラ・アラブ民主共和国
46%
ベトナム民主共和国
43%
エチオピア人民民主共和国
31%
アフガニスタン民主共和国
29%
フィンランド民主共和国
26%
イエメン人民民主共和国
20%
グルジア民主共和国
17%
台湾民主国
17%
ザカフカース民主連邦共和国
6%
モルダヴィア民主共和国
6%

Score Distribution

Percentile by Number Answered

Percent of People with Each Score

Your Score History

You have not taken this quiz